| 000 | 00539nam a22002057a 4500 | ||
|---|---|---|---|
| 003 | OSt | ||
| 005 | 20220107122836.0 | ||
| 008 | 180208b xxu||||| |||| 00| 0 eng d | ||
| 020 | _a9781118341469 | ||
| 040 | _cIIITMK | ||
| 082 | _a001.42 GRE/R | ||
| 100 |
_aGreenfield, Tony (Eds.) _913654 |
||
| 245 | _aResearch methods for post graduates | ||
| 250 | _a3 | ||
| 260 |
_aWest Sussex, _bJohn Wiley and Sons, _c2016. |
||
| 300 | _axx, 496p. | ||
| 650 |
_aRESEARCH METHODOLOGY _913655 |
||
| 700 |
_aGreener, Sue _913656 |
||
| 942 |
_2ddc _cBK |
||
| 999 |
_c5974 _d5974 |
||